000 00508nam a2200193 i 4500
001 bg
100 1 _aAgricola, Erhard.
245 0 _aWörterbuch zum deutschen Sprachgebrauch /
_chrsg. von Erhard Agricola, Herbert Görner, Ruth Küfner.
260 _aLipsk,
_c1968.
650 9 _aJęzyk niemiecki
655 _aSłowniki
700 1 _aGörner, Herbert.
700 1 _aKüfner, Ruth.
040 _cBPK
041 _apol
080 _a803.0
942 _cKS
008 s pl f |000 0 pol
999 _c7853
_d7853
856 _uhttp://koha.tu.koszalin.pl/cgi-bin/koha/opac-detail.pl?biblionumber=7853
_yKatalog online BPK